000 01754nam a2200253Ia 4500
008 260220t1981||||xx |||||||||||||| ||spa||
040 _aPY-SlUNAC
_bspa
_erda
041 _aspa
082 _a551.6
_bV678c
100 _aViers, George
_eAutor
245 0 _aClimatología /
_cpor George Viers [Autor]
250 _aSegunda edición
264 _aBarcelona :
_bOikos - Tau,
_c℗1981.
300 _a1 volumen
520 _aEl libro "Climatología" de George Viers, publicado en 1981 por Oikos-Tau, presenta un análisis exhaustivo de los elementos y fenómenos climáticos que configuran el clima terrestre. A través de un enfoque multidisciplinario, Viers explora las interacciones entre la atmósfera, la hidrosfera, la geosfera y la biosfera, enfatizando cómo estas relaciones influyen en los patrones climáticos globales y locales. El autor aborda conceptos fundamentales como la temperatura, la presión atmosférica, la humedad y los vientos, así como el impacto de las variaciones climáticas en los ecosistemas y las actividades humanas. Además, el libro examina las implicaciones del cambio climático, destacando la necesidad de un enfoque sostenible en la gestión de los recursos naturales. Con un estilo claro y didáctico, Viers proporciona herramientas teóricas y prácticas que permiten comprender mejor la complejidad del clima, convirtiéndose en una referencia esencial para estudiantes y profesionales en el campo de la climatología y las ciencias ambientales.
653 _aCambio climático
653 _aClimatología
653 _aMeteorología
942 _b2026/02/17
_cBK
999 _c8068
_d8068